| 000 | 01044cam a2200277 a 4500 | ||
|---|---|---|---|
| 999 |
_c26485 _d26485 |
||
| 001 | 16892053 | ||
| 005 | 20170204125752.0 | ||
| 008 | 110727s2013 nyua 001 0 eng | ||
| 010 | _a 2011030527 | ||
| 020 | _a9780073384276 (hard copy : alk. paper) | ||
| 020 | _a0073384275 (hard copy : alk. paper) | ||
| 050 | 0 | 0 | _aQA152.3 .H335 2013 |
| 100 | 1 | _aHendricks, Andrea. | |
| 245 | 1 | 0 |
_aBeginning algebra / _cAndrea Hendricks, Oiyin Pauline Chow. |
| 250 | _a1st ed. | ||
| 260 |
_aNew York : _bMcGraw-Hill, _cc2013. |
||
| 300 |
_axxxv, 710 p., [various pages] : _bill.(some col.) ; _c28 cm. |
||
| 500 | _aIncludes index. | ||
| 650 | 0 | _aAlgebra. | |
| 700 | 1 | _aChow, Oiyin Pauline. | |
| 942 |
_2lcc _cBOOKS |
||